| 000 | 00468nam a22001697a 4500 | ||
|---|---|---|---|
| 999 |
_c1606 _d1606 |
||
| 003 | OSt | ||
| 005 | 20180918123722.0 | ||
| 008 | 180918b ||||| |||| 00| 0 eng d | ||
| 020 | _a0871489724 | ||
| 040 | _cDLC | ||
| 082 |
_aREF 220.7 _bH919E |
||
| 245 |
_aEvangelical Sunday School Lesson Commentry / _cBy James E.Humbertson |
||
| 260 |
_aTennessee, USA : _bPathway Press, _cc1996. |
||
| 300 | _a510 p.: | ||
| 630 |
_aSunday School Lesson _y1996-97 |
||
| 942 |
_2ddc _cREF |
||